书目信息 |
| 题名: |
地理学辞典
|
|
| 作者: | 穆尔 著 ;刘伉 译 | |
| 分册: | ||
| 出版信息: | 北京 商务印书馆 1980.9 |
|
| 页数: | 439页 | |
| 开本: | 19cm | |
| 丛书名: | ||
| 单 册: | ||
| 中图分类: | K90-61 , K-61 | |
| 科图分类: | ||
| 主题词: | 地理学--词典 , 历史 , 地理 | |
| 电子资源: | ||
| ISBN: | ||
| 000 | 00656nam0 2200265 450 | |
| 001 | 1572264837 | |
| 005 | 20150125200448.95 | |
| 010 | @dCNY1.95 | |
| 091 | @a12017.244@dCNY1.95 | |
| 100 | @a20030916e19841980ekmy0chiy0110 ea | |
| 101 | 1 | @achi@ceng |
| 102 | @aCN@b110000 | |
| 105 | @aa z 001yy | |
| 200 | 1 | @a地理学辞典@f(英)W.G.穆尔著@g刘伉等译 |
| 210 | @a北京@c商务印书馆@d1980.9@h1984.5重印 | |
| 215 | @a439页@c图@d19cm | |
| 606 | 0 | @a地理学@j词典 |
| 606 | 0 | @a历史 |
| 606 | 0 | @a地理 |
| 690 | @aK90-61@v5 | |
| 690 | @aK-61@v4 | |
| 701 | 1 | @a穆尔@bW.G.@4著 |
| 702 | 0 | @a刘伉@4译 |
| 801 | 0 | @aCN@bTSSF@c20150125 |
| 905 | @aZUCC@dK-61@eJY22 | |
| 地理学辞典/(英)W.G.穆尔著/刘伉等译.-北京:商务印书馆,1980.9(1984.5重印) |
| 439页:图;19cm |
| ISBN :CNY1.95 |
| ● |
| 相关链接 |
|
|
|
|
正题名:地理学辞典
索取号:K-61/JY22
 
预约/预借
| 序号 | 登录号 | 条形码 | 馆藏地/架位号 | 状态 | 备注 |
| 1 | 7839489 | 278394890 | 学院路分馆/ [索取号:K-61/JY22] | 在馆 |